LIBRARY & INFORMATION CENTRE, KCAET, TAVANUR

ONLINE PUBLIC ACCESS CATALOGUE (OPAC)

Food microbiology / (Record no. 13625)

MARC details
000 -LEADER
fixed length control field 00413cam a22001697a 4500
020 ## - INTERNATIONAL STANDARD BOOK NUMBER
ISBN 9780854042845 (hbk.)
020 ## - INTERNATIONAL STANDARD BOOK NUMBER
ISBN 0854042849 (hbk.)
082 04 - DEWEY DECIMAL CLASSIFICATION NUMBER
Classification number 664.001579
Item number ADA/FO
100 1# - MAIN ENTRY--AUTHOR NAME
Personal name Adams, M. R.
245 10 - TITLE STATEMENT
Title Food microbiology /
250 ## - EDITION STATEMENT
Edition statement 3rd ed.
260 ## - PUBLICATION, DISTRIBUTION, ETC. (IMPRINT)
Place of publication Cambridge, UK :
Name of publisher RSC Publishing,
Year of publication c2008.
300 ## - PHYSICAL DESCRIPTION
Number of Pages xiv, 463 p. :
Other physical details ill. ;
650 #0 - SUBJECT ADDED ENTRY--TOPICAL TERM
Topical Term Food
700 1# - ADDED ENTRY--PERSONAL NAME
Personal name Moss, M. O.
942 ## - ADDED ENTRY ELEMENTS (KOHA)
Koha item type Books
Holdings
Withdrawn status Lost status Damaged status Collection code Home library Current library Shelving location Date acquired Full call number Accession Number Koha item type
      Reference KAUAET KAUAET Reference1 31/03/2012 664.001579 ADA/FO 22330 Reference
free website counter